000 00332nam a2200145Ia 4500
008 191201s2019 xx 000 0 und d
082 _a006.31 GOA
100 _aGOPAL, M
245 0 _aApplied Machine learning
250 _a2nd Ed.
260 _bNew Delhi
_aTMH
_c2024
300 _a630
650 _aB.Tech(CSE)
942 _2ddc
_cBK
999 _c6856
_d6856